Microsoft Office 2010 (Record no. 3489)
[ view plain ]
| 000 -LEADER | |
|---|---|
| fixed length control field | 00578nam a22002177a 4500 |
| 003 - CONTROL NUMBER IDENTIFIER | |
| control field | OSt |
| 005 - DATE AND TIME OF LATEST TRANSACTION | |
| control field | 20211117093830.0 |
| 008 - FIXED-LENGTH DATA ELEMENTS--GENERAL INFORMATION | |
| fixed length control field | 211117b ||||| |||| 00| 0 eng d |
| 020 ## - INTERNATIONAL STANDARD BOOK NUMBER | |
| International Standard Book Number | 9780763837709 |
| 040 ## - CATALOGING SOURCE | |
| Transcribing agency | ALUPE UNIVERSITY COLLEGE |
| 050 ## - LIBRARY OF CONGRESS CALL NUMBER | |
| Classification number | QA76.5 |
| Item number | .R88 |
| 100 ## - MAIN ENTRY--PERSONAL NAME | |
| Personal name | Rutkosky Nita |
| 245 ## - TITLE STATEMENT | |
| Title | Microsoft Office 2010 |
| 260 ## - PUBLICATION, DISTRIBUTION, ETC. | |
| Place of publication, distribution, etc. | Washington |
| Name of publisher, distributor, etc. | Paradigm publishing |
| Date of publication, distribution, etc. | 2011 |
| 300 ## - PHYSICAL DESCRIPTION | |
| Extent | vii, various pagings |
| Other physical details | ills, |
| 440 ## - SERIES STATEMENT/ADDED ENTRY--TITLE | |
| Title | Seguin Denise |
| 440 ## - SERIES STATEMENT/ADDED ENTRY--TITLE | |
| Title | Roggenkamp Rutkosky Audrey |
| 504 ## - BIBLIOGRAPHY, ETC. NOTE | |
| Bibliography, etc. note | index inluded |
| 650 ## - SUBJECT ADDED ENTRY--TOPICAL TERM | |
| Source of heading or term | Microsoft |
| 942 ## - ADDED ENTRY ELEMENTS (KOHA) | |
| Source of classification or shelving scheme | |
| Koha item type | Book |
| Suppress in OPAC | PW |
| Withdrawn status | Lost status | Source of classification or shelving scheme | Damaged status | Not for loan | Permanent Location | Current Location | Shelving location | Date acquired | Source of acquisition | Total Checkouts | Full call number | Barcode | Date last seen | Price effective from | Koha item type | Public note |
|---|---|---|---|---|---|---|---|---|---|---|---|---|---|---|---|---|
| AU LIBRARY | AU LIBRARY | Open Shelf | 17.11.2021 | DONATION FROM MOI UNIVERSITY | QA76.5 .R88 2011 | 28001377 | 17.11.2021 | 17.11.2021 | Book | PW |